| 000 | 00332nam a2200121Ia 4500 | ||
|---|---|---|---|
| 005 | 20260326100032.0 | ||
| 008 | 260326s9999||||xx |||||||||||||| ||und|| | ||
| 100 | _aOzoringa, M. D. | ||
| 245 | 0 |
_aDe momumenten van Curacao in woord en beeld. / _cM. D. Ozoringa |
|
| 260 | _bAuteursrecht | ||
| 650 | _aARQUITECTURA REGIONAL | ||
| 942 | _cBK | ||
| 999 |
_c6657 _d6657 |
||